[Event "HUN-chT2 Toth 1819"]
[Site "Hungary"]
[Date "2019.02.10"]
[Round "7.5"]
[White "Keresztes, Mark"]
[Black "Petro, Jozsef"]
[Result "1-0"]
[WhiteElo "1993"]
[BlackElo "2003"]
[PlyCount "61"]
[EventDate "2018.09.23"]
[EventType "team-tourn"]
[EventRounds "11"]
[EventCountry "HUN"]
[SourceTitle "EXT 2021"]
[Source "ChessBase"]
[SourceDate "2020.10.23"]
[SourceVersion "1"]
[SourceVersionDate "2020.10.23"]
[SourceQuality "1"]
[WhiteTeam "Kecskemet Toth Laszlo II"]
[BlackTeam "Bekes"]
[WhiteTeamCountry "HUN"]
[BlackTeamCountry "HUN"]

1. c4 f5 2. Nc3 Nf6 3. g3 g6 4. Bg2 Bg7 5. d4 d6 6. Nf3 0-0 7. 0-0 c6 8. Rb1 Nbd7 9. d5 cxd5 10. cxd5 Nb6 11. Qd3 Bd7 12. h3 Rc8 13. Be3 Ne4 14. Bd4 Nc5 15. Qd2 Nc4 16. Qd1 Bxd4 17. Qxd4 b5 18. b3 Na3 19. Rbc1 a5 20. b4 Na6 21. bxa5 Qxa5 22. Ng5 h6 23. Ne6 Bxe6 24. dxe6 Rc4 25. Qe3 Kh7 26. Nd5 Rxc1 27. Rxc1 Nc4 28. Qa7 Qd2 29. Qxe7+ Kg8 30. Rxc4 bxc4 31. Nf6+ 1-0

[Event "HUN-chT2 Toth 1819"]
[Site "Hungary"]
[Date "2018.10.07"]
[Round "2.7"]
[White "Miklos, Csaba"]
[Black "Petro, Jozsef"]
[Result "0-1"]
[WhiteElo "1961"]
[BlackElo "2003"]
[PlyCount "40"]
[EventDate "2018.09.23"]
[EventType "team-tourn"]
[EventRounds "11"]
[EventCountry "HUN"]
[SourceTitle "EXT 2021"]
[Source "ChessBase"]
[SourceDate "2020.10.23"]
[SourceVersion "1"]
[SourceVersionDate "2020.10.23"]
[SourceQuality "1"]
[WhiteTeam "Kecskemet Takisz"]
[BlackTeam "Bekes"]
[WhiteTeamCountry "HUN"]
[BlackTeamCountry "HUN"]

1. Nf3 c6 2. c4 f5 3. Nc3 Nf6 4. Qc2 d6 5. d4 g6 6. e4 fxe4 7. Nxe4 Nxe4 8. Qxe4 Bf5 9. Qe3 Bg7 10. Bd2 0-0 11. Be2 Nd7 12. Nh4 e5 13. Nxf5 Rxf5 14. dxe5 Rxe5 15. Qf3 Qe7 16. Be3 Rf5 17. Qh3 Bxb2 18. Rb1 Bc3+ 19. Kf1 Nf6 20. g4 Qe4 0-1

[Event "HUN-chT2 Toth 1718"]
[Site "Hungary"]
[Date "2018.05.06"]
[Round "11.4"]
[White "Karsai, Istvan"]
[Black "Petro, Jozsef"]
[Result "0-1"]
[WhiteElo "2066"]
[BlackElo "2008"]
[PlyCount "80"]
[EventDate "2017.09.24"]
[EventType "team-tourn"]
[EventRounds "11"]
[EventCountry "HUN"]
[SourceTitle "EXT 2021"]
[Source "ChessBase"]
[SourceDate "2020.10.23"]
[SourceVersion "1"]
[SourceVersionDate "2020.10.23"]
[SourceQuality "1"]
[WhiteTeam "Felegyhaza Csongrad"]
[BlackTeam "Bekes"]
[WhiteTeamCountry "HUN"]
[BlackTeamCountry "HUN"]

1. e4 c6 2. d4 g6 3. c3 d5 4. e5 h5 5. Bd3 Nh6 6. Bg5 Qb6 7. Qb3 Bf5 8. Bxf5 Nxf5 9. Ne2 Nd7 10. Nd2 e6 11. 0-0 c5 12. Qxb6 Nxb6 13. dxc5 Bxc5 14. Nb3 Rc8 15. Nxc5 Rxc5 16. b3 Nd7 17. Rac1 0-0 18. f4 Rfc8 19. Kf2 f6 20. Bxf6 Nxf6 21. exf6 Kf7 22. Rfd1 Kxf6 23. Rd3 b5 24. Re1 Nd6 25. Ke3 Ne4 26. Kd4 Nd6 27. Ke3 Nf5+ 28. Kd2 b4 29. Rc1 Nd6 30. c4 Ne4+ 31. Ke3 dxc4 32. bxc4 Rxc4 33. Rxc4 Rxc4 34. Rd4 Rxd4 35. Kxd4 Kf5 36. g3 Nc3 37. Nc1 Nd5 38. h3 a5 39. Nd3 Nc3 40. a3 Nb5+ 0-1

[Event "HUN-chT2 Toth 1718"]
[Site "Hungary"]
[Date "2018.01.28"]
[Round "7.5"]
[White "Petro, Jozsef"]
[Black "Banki H, Istvan"]
[Result "1-0"]
[WhiteElo "2008"]
[BlackElo "2107"]
[PlyCount "69"]
[EventDate "2017.09.24"]
[EventType "team-tourn"]
[EventRounds "11"]
[EventCountry "HUN"]
[SourceTitle "EXT 2021"]
[Source "ChessBase"]
[SourceDate "2020.10.23"]
[SourceVersion "1"]
[SourceVersionDate "2020.10.23"]
[SourceQuality "1"]
[WhiteTeam "Bekes"]
[BlackTeam "Oroshaza"]
[WhiteTeamCountry "HUN"]
[BlackTeamCountry "HUN"]

1. f4 d5 2. Nf3 Nf6 3. g3 g6 4. Bg2 Bg7 5. 0-0 Bf5 6. d3 Qd7 7. Qe1 Bh3 8. e4 Bxg2 9. Kxg2 dxe4 10. dxe4 Nc6 11. Nc3 0-0-0 12. Be3 Ng4 13. Bg1 h5 14. Rd1 Bxc3 15. Qxc3 Qe8 16. h3 Nh6 17. b4 f6 18. b5 Nb8 19. Rxd8+ Qxd8 20. Bxa7 Qd7 21. Bb6 c6 22. Rf2 Nf7 23. e5 fxe5 24. fxe5 Qe6 25. a4 g5 26. Qe3 Rg8 27. Nd4 Qd5+ 28. Kh2 Nxe5 29. Nf5 Re8 30. Nxe7+ Rxe7 31. Rf8+ Kd7 32. Rd8+ Ke6 33. Rxd5 Kxd5 34. Qxg5 Ke6 35. Qg8+ 1-0

[Event "HUN-chT2 Toth 1718"]
[Site "Hungary"]
[Date "2017.10.29"]
[Round "3.5"]
[White "Petro, Jozsef"]
[Black "Donko, Matyas"]
[Result "1-0"]
[WhiteElo "2008"]
[BlackElo "1932"]
[PlyCount "111"]
[EventDate "2017.09.24"]
[EventType "team-tourn"]
[EventRounds "11"]
[EventCountry "HUN"]
[SourceTitle "EXT 2021"]
[Source "ChessBase"]
[SourceDate "2020.10.23"]
[SourceVersion "1"]
[SourceVersionDate "2020.10.23"]
[SourceQuality "1"]
[WhiteTeam "Bekes"]
[BlackTeam "Kecskemet Takisz"]
[WhiteTeamCountry "HUN"]
[BlackTeamCountry "HUN"]

1. f4 c5 2. Nf3 Nf6 3. g3 g6 4. Bg2 Bg7 5. 0-0 0-0 6. d3 Nc6 7. Nc3 Rb8 8. e4 d6 9. Qe1 Nd4 10. Rf2 Ng4 11. Rd2 b5 12. Nd1 b4 13. Nxd4 cxd4 14. h3 Nh6 15. g4 f5 16. exf5 gxf5 17. Bd5+ Kh8 18. g5 Nf7 19. Re2 Bb7 20. Bxb7 Rxb7 21. Bd2 e5 22. h4 a5 23. a3 exf4 24. Bxf4 Ne5 25. Qg3 Qb6 26. axb4 axb4 27. b3 Qc6 28. Ra5 Re8 29. Bxe5 Bxe5 30. Qg2 Qxg2+ 31. Kxg2 Rc8 32. Nb2 Kg7 33. Nc4 Bf4 34. Kf3 Be5 35. Nxe5 dxe5 36. Raxe5 Rbc7 37. Re7+ Kg8 38. Rxc7 Rxc7 39. Kf4 Rc5 40. h5 Kf7 41. Re5 Rxc2 42. Rxf5+ Ke7 43. Rb5 Rc3 44. Rxb4 Rxd3 45. Rb7+ Ke6 46. Ke4 Rg3 47. Kxd4 Rxg5 48. Rxh7 Rb5 49. Kc4 Rb8 50. b4 Kd6 51. Rh6+ Kd7 52. b5 Rc8+ 53. Rc6 Rg8 54. h6 Rg5 55. Kb4 Rh5 56. Ka5 1-0

[Event "HUN-chT2 Toth 1617"]
[Site "Hungary"]
[Date "2016.09.25"]
[Round "1.4"]
[White "Gombos, Janos"]
[Black "Petro, Jozsef"]
[Result "1-0"]
[WhiteElo "1979"]
[BlackElo "2070"]
[PlyCount "55"]
[EventDate "2016.09.25"]
[EventType "team-tourn"]
[EventRounds "11"]
[EventCountry "HUN"]
[SourceTitle "EXT 2021"]
[Source "ChessBase"]
[SourceDate "2020.10.23"]
[SourceVersion "1"]
[SourceVersionDate "2020.10.23"]
[SourceQuality "1"]
[WhiteTeam "Gyula"]
[BlackTeam "Bekes"]
[WhiteTeamCountry "HUN"]
[BlackTeamCountry "HUN"]

1. e4 c6 2. d4 g6 3. Nf3 d5 4. e5 Bg4 5. Be2 e6 6. 0-0 Nd7 7. Be3 Bxf3 8. Bxf3 h5 9. c3 Nh6 10. Qd2 Nf5 11. Bg5 Qb6 12. a4 a5 13. Na3 Rc8 14. Rfd1 c5 15. Nb5 cxd4 16. cxd4 Bb4 17. Qd3 0-0 18. h3 Rc4 19. b3 Rc6 20. g4 hxg4 21. hxg4 Nxd4 22. Nxd4 Nxe5 23. Qe2 Nxf3+ 24. Qxf3 Rc3 25. Qf6 Re8 26. Bh6 Bf8 27. Bxf8 Rxf8 28. Nf5 1-0

[Event "HUN-chT2 Toth 1415"]
[Site "Hungary"]
[Date "2014.12.14"]
[Round "6.5"]
[White "Petro, Jozsef"]
[Black "Ginguta, Gheorghe"]
[Result "0-1"]
[WhiteElo "2052"]
[BlackElo "2110"]
[PlyCount "72"]
[EventDate "2014.09.07"]
[EventType "team-tourn"]
[EventRounds "11"]
[EventCountry "HUN"]
[SourceTitle "EXT 2016"]
[Source "ChessBase"]
[SourceDate "2015.10.08"]
[SourceVersion "1"]
[SourceVersionDate "2015.10.08"]
[SourceQuality "1"]
[WhiteTeam "Bekes"]
[BlackTeam "Gyula"]
[WhiteTeamCountry "HUN"]
[BlackTeamCountry "HUN"]

1. f4 d5 2. Nf3 Nf6 3. g3 c5 4. Bg2 Nc6 5. 0-0 e6 6. d3 Be7 7. Qe1 d4 8. e4 dxe3 9. Bxe3 Nd5 10. Bf2 0-0 11. Nbd2 Rb8 12. Ne4 b6 13. a3 h6 14. Rd1 Qc7 15. Kh1 Bb7 16. c4 Nf6 17. Qe2 Rfd8 18. Be3 Rd7 19. Nf2 Rbd8 20. Bd2 Nd4 21. Nxd4 Bxg2+ 22. Kxg2 Rxd4 23. Bc3 R4d7 24. Be5 Qc6+ 25. Qf3 Qa4 26. Rd2 b5 27. cxb5 Qxb5 28. Rc1 Qa5 29. Bc3 Qb5 30. Rcd1 Nd5 31. d4 Qb7 32. Ne4 f5 33. Nxc5 Bxc5 34. dxc5 Ne3+ 35. Kf2 Qxf3+ 36. Kxf3 Nxd1 0-1

[Event "HUN-chT2 Toth 1213"]
[Site "Hungary"]
[Date "2012.12.02"]
[Round "5.2"]
[White "Ujhazi, Mihaly"]
[Black "Petro, Jozsef"]
[Result "1/2-1/2"]
[WhiteElo "2098"]
[BlackElo "2109"]
[PlyCount "22"]
[EventDate "2012.09.16"]
[EventType "team-tourn"]
[EventRounds "11"]
[EventCountry "HUN"]
[SourceTitle "EXT 2014"]
[Source "ChessBase"]
[SourceDate "2013.11.20"]
[SourceVersion "1"]
[SourceVersionDate "2013.11.20"]
[SourceQuality "1"]
[WhiteTeam "Maroczy II"]
[BlackTeam "Bekes"]
[WhiteTeamCountry "HUN"]
[BlackTeamCountry "HUN"]

1. Nf3 f5 2. b3 Nf6 3. Bb2 g6 4. c4 Bg7 5. Nc3 d6 6. d4 0-0 7. d5 Nbd7 8. Nd4 Ne5 9. g3 c5 10. dxc6 Nxc6 11. Bg2 Bd7 1/2-1/2

[Event "HUN-chT2 Toth 1213"]
[Site "Hungary"]
[Date "2012.11.04"]
[Round "3.3"]
[White "Petro, Jozsef"]
[Black "Cegledi, Zsolt"]
[Result "1/2-1/2"]
[WhiteElo "2109"]
[BlackElo "2158"]
[PlyCount "35"]
[EventDate "2012.09.16"]
[EventType "team-tourn"]
[EventRounds "11"]
[EventCountry "HUN"]
[SourceTitle "EXT 2014"]
[Source "ChessBase"]
[SourceDate "2013.11.20"]
[SourceVersion "1"]
[SourceVersionDate "2013.11.20"]
[SourceQuality "1"]
[WhiteTeam "Bekes"]
[BlackTeam "Toth Laszlo II"]
[WhiteTeamCountry "HUN"]
[BlackTeamCountry "HUN"]

1. f4 d5 2. Nf3 Nf6 3. g3 g6 4. Bg2 Bg7 5. 0-0 0-0 6. d3 c5 7. Nc3 Nc6 8. Ne5 Nxe5 9. fxe5 Ng4 10. Nxd5 Nxe5 11. e4 Bg4 12. Qe1 Nc6 13. Be3 b6 14. h3 Bc8 15. Rb1 e6 16. Nc3 Bb7 17. Qd2 Nd4 18. Rf2 1/2-1/2

[Event "HUN-chT2 Toth 1112"]
[Site "Hungary"]
[Date "2012.05.06"]
[Round "10.4"]
[White "Petro, Jozsef"]
[Black "Berecz, Arpad"]
[Result "1-0"]
[WhiteElo "2054"]
[BlackElo "2042"]
[PlyCount "64"]
[EventDate "2011.09.25"]
[EventType "team-tourn"]
[EventRounds "11"]
[EventCountry "HUN"]
[SourceTitle "EXT 2013"]
[Source "ChessBase"]
[SourceDate "2012.11.22"]
[SourceVersion "1"]
[SourceVersionDate "2012.11.22"]
[SourceQuality "1"]
[WhiteTeam "Bekes"]
[BlackTeam "Maroczy II"]
[WhiteTeamCountry "HUN"]
[BlackTeamCountry "HUN"]

1. f4 d5 2. Nf3 Nf6 3. g3 c5 4. Bg2 Nc6 5. d3 e6 6. 0-0 g6 7. Qe1 Bg7 8. e4 dxe4 9. dxe4 e5 10. Nc3 0-0 11. Be3 b6 12. Rd1 Qe7 13. Nd5 Nxd5 14. exd5 Nb4 15. c3 Nc2 16. Qd2 Nxe3 17. Qxe3 Bg4 18. d6 Qd7 19. Nxe5 Bxe5 20. fxe5 Rae8 21. Rd3 Be6 22. Rd2 Bxa2 23. Rf6 Bb3 24. h4 h5 25. Kh2 Be6 26. Rdf2 Kg7 27. Qg5 a5 28. Be4 Rg8 29. Bxg6 fxg6 30. Rxg6+ Kh8 31. Rh6+ Qh7 32. Rxh7+ Kxh7 1-0

[Event "HUN-chT2 Toth 1112"]
[Site "Hungary"]
[Date "2012.03.11"]
[Round "7.5"]
[White "Petro, Jozsef"]
[Black "Miklos, Csaba"]
[Result "1/2-1/2"]
[WhiteElo "2054"]
[BlackElo "2045"]
[PlyCount "59"]
[EventDate "2011.09.25"]
[EventType "team-tourn"]
[EventRounds "11"]
[EventCountry "HUN"]
[SourceTitle "EXT 2013"]
[Source "ChessBase"]
[SourceDate "2012.11.22"]
[SourceVersion "1"]
[SourceVersionDate "2012.11.22"]
[SourceQuality "1"]
[WhiteTeam "Bekes"]
[BlackTeam "Takisz"]
[WhiteTeamCountry "HUN"]
[BlackTeamCountry "HUN"]

1. f4 d5 2. Nf3 Nf6 3. g3 c5 4. Bg2 Nc6 5. d3 g6 6. 0-0 Bg7 7. Nc3 0-0 8. Ne5 Nxe5 9. fxe5 Ng4 10. Nxd5 Nxe5 11. e4 e6 12. Nc3 Bd7 13. Be3 Rc8 14. Qe2 Qe7 15. Rae1 Nc6 16. Nd1 b5 17. Qf2 Ne5 18. Qe2 b4 19. b3 Nc6 20. Qd2 Nd4 21. Rf2 Rfd8 22. Ref1 Rf8 23. Bh6 Nc6 24. Bxg7 Kxg7 25. Ne3 Ne5 26. c3 a5 27. d4 bxc3 28. Qxc3 cxd4 29. Qxd4 Qc5 30. Rd1 1/2-1/2

[Event "HUN-chT2 Toth 1112"]
[Site "Hungary"]
[Date "2012.01.29"]
[Round "5.5"]
[White "Petro, Jozsef"]
[Black "Kovacs, Arthur"]
[Result "1-0"]
[WhiteElo "2054"]
[BlackElo "2101"]
[PlyCount "95"]
[EventDate "2011.09.25"]
[EventType "team-tourn"]
[EventRounds "11"]
[EventCountry "HUN"]
[SourceTitle "EXT 2013"]
[Source "ChessBase"]
[SourceDate "2012.11.22"]
[SourceVersion "1"]
[SourceVersionDate "2012.11.22"]
[SourceQuality "1"]
[WhiteTeam "Bekes"]
[BlackTeam "Mako"]
[WhiteTeamCountry "HUN"]
[BlackTeamCountry "HUN"]

1. f4 d5 2. Nf3 Nf6 3. g3 g6 4. Bg2 Bg7 5. 0-0 0-0 6. d3 c5 7. Nc3 Nc6 8. Ne5 e6 9. Nxc6 bxc6 10. e4 Ba6 11. e5 Nd7 12. Na4 c4 13. dxc4 Bxc4 14. Re1 Qa5 15. b3 Bb5 16. Bd2 Qc7 17. Nb2 Rac8 18. c4 Ba6 19. Rc1 Qb8 20. Be3 Rfd8 21. Qf3 Bf8 22. Qf2 Nb6 23. c5 Nd7 24. Bd4 Bg7 25. Bh3 Re8 26. Qd2 Rc7 27. b4 Bc8 28. Nd3 Nf8 29. Bf1 Ba6 30. a3 Rce7 31. Qc3 Nd7 32. Rb1 Bb5 33. Ra1 Bc4 34. Nb2 Bxf1 35. Rxf1 Rf8 36. Nd3 Qc7 37. Rfb1 a6 38. a4 f6 39. b5 fxe5 40. fxe5 axb5 41. axb5 cxb5 42. c6 Nb6 43. Rxb5 Nc4 44. Rb7 Qd8 45. Bc5 Rxb7 46. cxb7 Qb8 47. Bxf8 Bxf8 48. Qb3 1-0

[Event "HUN-chT2 Toth 1011"]
[Site "Hungary"]
[Date "2011.05.01"]
[Round "10.4"]
[White "Lorinc, Sandor"]
[Black "Petro, Jozsef"]
[Result "1-0"]
[WhiteElo "2153"]
[BlackElo "2091"]
[PlyCount "119"]
[EventDate "2010.09.12"]
[EventType "team-tourn"]
[EventRounds "11"]
[EventCountry "HUN"]
[SourceTitle "EXT 2012"]
[Source "ChessBase"]
[SourceDate "2011.11.24"]
[SourceVersion "1"]
[SourceVersionDate "2011.11.24"]
[SourceQuality "1"]
[WhiteTeam "Gyula"]
[BlackTeam "Bekes"]
[WhiteTeamCountry "HUN"]
[BlackTeamCountry "HUN"]

1. d4 f5 2. Bf4 d6 3. e3 Nf6 4. Nf3 g6 5. Bc4 c6 6. Nbd2 Bg7 7. h3 a5 8. a4 Na6 9. c3 Qb6 10. Rb1 Nc7 11. 0-0 Be6 12. b3 Ncd5 13. Qc2 h6 14. Bh2 0-0 15. Rfe1 Rae8 16. Bd3 Qc7 17. e4 fxe4 18. Nxe4 Nxe4 19. Bxe4 Bf5 20. Nh4 Bxe4 21. Qxe4 e5 22. Qxg6 Qf7 23. Qxf7+ Kxf7 24. Nf5 Re6 25. c4 Nc3 26. Rbc1 exd4 27. Rxe6 Kxe6 28. Nxg7+ Kf7 29. Rxc3 dxc3 30. Nf5 c2 31. Bf4 Kg6 32. g4 d5 33. cxd5 cxd5 34. Kf1 h5 35. Bc1 hxg4 36. hxg4 Rh8 37. Ke1 Rh1+ 38. Kd2 Rh2 39. Kxc2 Rxf2+ 40. Bd2 Kf6 41. Nd6 b6 42. Nc8 Ke6 43. Nxb6 Kd6 44. Kd3 Kc6 45. Nc8 Kd7 46. Na7 Rf3+ 47. Be3 Rf1 48. Nb5 Rd1+ 49. Bd2 Rg1 50. g5 Rg3+ 51. Be3 Rg2 52. Nd4 Rg4 53. Nf3 Rb4 54. Nd4 Rb6 55. Bd2 Ra6 56. Nb5 Rg6 57. Kd4 Kc6 58. Ke5 Rg8 59. Nd4+ Kc5 60. Ne6+ 1-0

[Event "HUN-chT2 Toth 0910"]
[Site "Hungary"]
[Date "2010.04.18"]
[Round "10.6"]
[White "Nagy, Dani Karoly"]
[Black "Petro, Jozsef"]
[Result "1-0"]
[WhiteElo "1927"]
[BlackElo "2038"]
[PlyCount "65"]
[EventDate "2009.11.08"]
[EventType "team-tourn"]
[EventRounds "11"]
[EventCountry "HUN"]
[SourceTitle "EXT 2011"]
[Source "ChessBase"]
[SourceDate "2010.11.26"]
[SourceVersion "1"]
[SourceVersionDate "2010.11.26"]
[SourceQuality "1"]
[WhiteTeam "Roszke"]
[BlackTeam "Bekes"]
[WhiteTeamCountry "HUN"]
[BlackTeamCountry "HUN"]

1. d4 f5 2. c4 g6 3. Nc3 Nf6 4. Nf3 Bg7 5. Qc2 0-0 6. Bg5 d6 7. 0-0-0 Qe8 8. Bxf6 Bxf6 9. Nd5 Na6 10. Nxf6+ Rxf6 11. e3 Nb4 12. Qb3 c5 13. a3 Nc6 14. Qc3 a5 15. Be2 a4 16. dxc5 dxc5 17. Ne5 Nxe5 18. Qxe5 Be6 19. h4 Qf7 20. Qf4 Kh8 21. Rd2 Re8 22. h5 g5 23. Qxg5 Bxc4 24. Qh4 Bxe2 25. Rxe2 f4 26. Kb1 Rd8 27. exf4 Qb3 28. Rc2 Rd4 29. Qg4 Rdxf4 30. Qc8+ Qg8 31. Qxc5 Qf7 32. Qe5 Kg7 33. h6+ 1-0

[Event "HUN-chT2 Toth 0910"]
[Site "Hungary"]
[Date "2010.04.11"]
[Round "9.6"]
[White "Petro, Jozsef"]
[Black "Fodor, Istvan"]
[Result "1-0"]
[WhiteElo "2038"]
[BlackElo "2037"]
[PlyCount "53"]
[EventDate "2009.11.08"]
[EventType "team-tourn"]
[EventRounds "11"]
[EventCountry "HUN"]
[SourceTitle "EXT 2011"]
[Source "ChessBase"]
[SourceDate "2010.11.26"]
[SourceVersion "1"]
[SourceVersionDate "2010.11.26"]
[SourceQuality "1"]
[WhiteTeam "Bekes"]
[BlackTeam "Karcag"]
[WhiteTeamCountry "HUN"]
[BlackTeamCountry "HUN"]

1. f4 d5 2. Nf3 Nf6 3. g3 e6 4. Bg2 c5 5. d3 Nc6 6. 0-0 Bd6 7. Qe1 0-0 8. e4 dxe4 9. dxe4 Be7 10. c4 Nd4 11. Na3 a6 12. e5 Ne8 13. Be3 Qb6 14. Rb1 Rb8 15. Qf2 Nc6 16. Nc2 Nb4 17. Nxb4 Qxb4 18. a3 Qxc4 19. Rbc1 Qb3 20. Rc3 Qb6 21. Rxc5 Bxc5 22. Bxc5 Qb5 23. Bxf8 Kxf8 24. Qa7 Nc7 25. Qxb8 Qc5+ 26. Kh1 Nb5 27. a4 1-0

[Event "HUN-chT2 Toth 0910"]
[Site "Hungary"]
[Date "2009.11.08"]
[Round "1.6"]
[White "Abel, Imre"]
[Black "Petro, Jozsef"]
[Result "0-1"]
[WhiteElo "2015"]
[BlackElo "2038"]
[PlyCount "143"]
[EventDate "2009.11.08"]
[EventType "team-tourn"]
[EventRounds "11"]
[EventCountry "HUN"]
[SourceTitle "EXT 2011"]
[Source "ChessBase"]
[SourceDate "2010.11.26"]
[SourceVersion "1"]
[SourceVersionDate "2010.11.26"]
[SourceQuality "1"]
[WhiteTeam "Abony"]
[BlackTeam "Bekes"]
[WhiteTeamCountry "HUN"]
[BlackTeamCountry "HUN"]

1. e4 c6 2. d3 g6 3. f4 d5 4. e5 h5 5. Nf3 Bg4 6. Be2 e6 7. Be3 Nh6 8. Nbd2 Nf5 9. Bf2 Be7 10. c3 Nd7 11. Qc2 a5 12. 0-0-0 b5 13. h3 Bxf3 14. Bxf3 h4 15. Bg4 c5 16. Bxf5 gxf5 17. Nf3 a4 18. Kd2 Qa5 19. Ke2 b4 20. Qd2 Qa6 21. cxb4 cxb4 22. Rc1 Nf8 23. Nd4 Ng6 24. Nc6 Qb7 25. Nxe7 Nxe7 26. Qe1 d4 27. Rg1 Rg8 28. Rc4 Nd5 29. Qd2 a3 30. b3 Nc3+ 31. Kf1 Rd8 32. Bxh4 Rd5 33. Bf2 Nb1 34. Qc2 Nc3 35. Bxd4 Nb5 36. Bf2 Nc3 37. Be1 Kd7 38. Bxc3 bxc3 39. g3 Rc8 40. Rxc8 Qxc8 41. Kg2 Qb7 42. Kh2 Rc5 43. d4 Rc7 44. Rd1 Qf3 45. b4 Kc8 46. Rc1 Qe3 47. Rd1 Rc4 48. Rd3 Qe4 49. h4 Kb7 50. h5 Kb6 51. h6 Rc8 52. Kg1 Qe1+ 53. Kg2 Qe4+ 54. Kf2 Qxd3 55. Qxd3 c2 56. Qxa3 c1Q 57. Qa5+ Kc6 58. Qc5+ Kd7 59. Qxc1 Rxc1 60. Kg2 Rc2+ 61. Kh3 Rxa2 62. Kh4 Ke7 63. Kg5 Rh2 64. b5 Rh3 65. b6 Rxg3+ 66. Kh5 f6 67. b7 Kf7 68. Kh4 Rg8 69. Kh5 fxe5 70. dxe5 Rb8 71. Kg5 Rxb7 72. h7 0-1

[Event "HUN-chT2 Toth 0809"]
[Site "Hungary"]
[Date "2008.11.02"]
[Round "2.4"]
[White "Egri, Laszlo"]
[Black "Petro, Jozsef"]
[Result "0-1"]
[WhiteElo "2137"]
[BlackElo "2110"]
[PlyCount "96"]
[EventDate "2008.10.26"]
[EventType "team-tourn"]
[EventRounds "11"]
[EventCountry "HUN"]
[SourceTitle "EXT 2010"]
[Source "ChessBase"]
[SourceDate "2010.11.25"]
[SourceVersion "1"]
[SourceVersionDate "2010.11.25"]
[SourceQuality "1"]
[WhiteTeam "Kisujszallas"]
[BlackTeam "Bekes"]
[WhiteTeamCountry "HUN"]
[BlackTeamCountry "HUN"]

1. e4 c6 2. c4 g6 3. d4 Bg7 4. Nc3 d6 5. f4 Nf6 6. Nf3 0-0 7. Be2 a6 8. 0-0 b5 9. e5 Ne8 10. Be3 b4 11. Ne4 d5 12. Nc5 Bg4 13. Qb3 a5 14. h3 Bxf3 15. Bxf3 e6 16. a3 bxa3 17. Qb7 axb2 18. Ra2 Nc7 19. Rxb2 Nba6 20. Qxc6 Nb4 21. Qa4 dxc4 22. Bxa8 Qxa8 23. Rc1 Ncd5 24. Bd2 c3 25. Bxc3 Nxc3 26. Rxc3 Rd8 27. Rd2 Bf8 28. Nd7 Nd5 29. Rf3 Bb4 30. Rc2 Qa7 31. Nc5 Ne7 32. Nb3 Nf5 33. Rd3 Nxd4 34. Nxd4 Rxd4 35. Rxd4 Qxd4+ 36. Kh1 Qxf4 37. Rc7 Qf1+ 38. Kh2 Bd2 39. Qe8+ Kg7 40. Qxe6 Bf4+ 41. g3 Qf2+ 42. Kh1 Qe1+ 43. Kg2 Qxg3+ 44. Kf1 Qd3+ 45. Kf2 Be3+ 46. Kg3 Bb6+ 47. Kg2 Qe2+ 48. Kg3 Qf2+ 0-1